Rob's General Knowledge - Multiple Choice #7 - Statistics

General Stats
  • This quiz has been taken 26 times
    19 since last reset
  • The average score is 7 of 20
Answer Stats
Question Answer % Correct
What is the youngest age at which someone is eligible to run for President of the United States? 35
100%
What colour is an amethyst? Purple
100%
Which sportswear brand is named after the Greek goddess of victory? Nike
80%
Which seafood is served in spaghetti alle vongole? Clams
60%
In Doctor Who, Davros was the creator of which race of monsters? Daleks
60%
In which combat sport would you use a shinai? Kendo
60%
Which was the only James Bond movie to star George Lazenby as 007? On Her Majesty's Secret Service
60%
Which car manufacturer produces the Juke and the Micra? Nissan
40%
According to Unicode data, which was the most frequently used food emoji as of the beginning of 2024? 🎂
20%
A pogonophile is a person who enjoys which feature of the body? Beards
20%
Which video game series has instalments set in the fictional locales of Kyrat, Rook Islands and Hope County? Far Cry
20%
On 3rd October 2024, the UK ceded ownership of the Chagos Islands to which African country? Mauritius
20%
In 2019, Bougainville voted in favour of independence from which country? Papua New Guinea
20%
Which of the following dictators held power the longest? Robert Mugabe
20%
In 1941, which high-ranking Nazi leader flew to Scotland to attempt to broker a peace deal between Britain and Germany? Rudolf Hess
20%
Stan Wawrinka is known for competing in which sport? Tennis
20%
In 1997, Mikhail Gorbachev appeared in an advert for which fast food chain? Pizza Hut
0%
Ombrophobia is a fear of which type of weather? Rain
0%
Which country has the highest number of Anglican Christians? South Africa
0%
Which language is generally recognised as being the world's oldest recorded written language? Sumerian
0%
No matching quizzes found
Score Distribution
Percent of People with Each Score
Percentile by Number Answered
Your Score History
You have not taken this quiz since the last reset